000 00988nam a22001457a 4500
999 _c4577
_d235081
022 _a03285642
080 _a340 R 327
245 _aRevista Jurídica de la Universidad de Palermo
260 _aBuenos Aires
_bCentro de Postgrado en Derecho. Universidad de Palermo
_c1998
300 _a219 P.
310 _asemestral
650 _2IEDCYT
_acompetencia desleal
_xderecho internacional
_xresponsabilidad extracontractual
_xbioetica
_xlibre expresion
_xcensura previa
_xderechos humanos
_xrequisa policial
_xderecho políiico
_xdemocracia
_xMercosur
_xresponsabilidad penal juvenil
_xderechos de incidencia colectiva
_xigualdad de genero
_xCorte Suprema
_xpoliticas publicas
_xpoder judicial
_xdefensa de competencia
_xderecho internacional de derechos humanos
_xderecho penal
_xderecho constitucional
_x constitucionalismo
_xRonald Working
_xacoso sexual
_xderecho del trabajo
_xderecho a la salud
_xderecho
_xcrimenes de lesa humanidad
_x lesa humanidad
_xcriminologia
945 _acd
_d2017-08-15